000
00195 a2200097 4500
001
1639
100
_a
French, L.E
245
_a
graphic science
260
_a
_b
Mcgrawhill
_c
090
_c
1177
_d
1177
942
_a
NUST-CAE
_c
M
_c
1969
999
_c
236712
_d
236712